00553nam a2200169Ia 4500020001800000082002300018100002400041245008400065260006300149300001500212504002400227650002400251650002400275650002900299650002800328650002700356 a9788185835802 a307.14160954 TEO-U aTeotia, Manoj Kumar 0aUrban development in North-West India: emerging trends, concerns and strategies aChandigarhbCentre for Research in Rural and Industrc2016 axxix, 372p aIncludes References aUrbanisationzIndia aUrban policyzIndia aCities and townsvGrowth aSociology, UrbanzIndia aEconomic policyzIndia